| 000 | 00631cam a2200217 a 4500 | ||
|---|---|---|---|
| 001 | 4733319 | ||
| 005 | 20180208050451.0 | ||
| 008 | 840905s1984 nyu b 001 0 eng | ||
| 010 | _a 84020612 | ||
| 020 | _a0453004822 | ||
| 040 |
_aDLC _cDLC _dDLC |
||
| 041 | _aeng | ||
| 080 | _a658.4 CRE | ||
| 082 | 0 | 0 |
_a658.4 CRE _219 |
| 100 | 1 | _a54 | |
| 101 | _aMAN | ||
| 245 | 1 | 0 |
_aCreating excellence : _cby Craig R. Hickman and Michael A. Silva. |
| 504 | _aBibliography: p. 295-298. | ||
| 906 |
_a7 _bcbc _corignew _d1 _eocip _f19 _gy-gencatlg |
||
| 942 |
_2ddc _cBK |
||
| 999 |
_c42125 _d42125 |
||